Countries with Great Apes - Statistics

General Stats
  • This quiz has been taken 3,563 times
  • The average score is 18 of 23
Answer Stats
Number of species Species Answer % Correct
4 Bonobo, Chimpanzee, Eastern gorilla, Western gorilla Democratic Republic of Congo
97%
2 Chimpanzee, Western gorilla Republic of Congo
91%
1 Chimpanzee Tanzania
89%
2 Chimpanzee, Western gorilla Nigeria
87%
2 Chimpanzee, Eastern gorilla Rwanda
87%
2 Chimpanzee, Eastern gorilla Uganda
87%
2 Chimpanzee, Western gorilla Central African Republic
85%
2 Chimpanzee, Western gorilla Cameroon
83%
3 Bornean orangutan, Sumatran orangutan, Tapanuli orangutan Indonesia
83%
2 Chimpanzee, Western gorilla Angola
82%
1 Chimpanzee Burundi
81%
2 Chimpanzee, Western gorilla Gabon
80%
1 Chimpanzee Ghana
76%
1 Bornean orangutan Malaysia
76%
2 Chimpanzee, Western gorilla Equatorial Guinea
72%
1 Chimpanzee Guinea
71%
1 Chimpanzee Senegal
68%
1 Chimpanzee Ivory Coast
66%
1 Chimpanzee Guinea-Bissau
64%
1 Chimpanzee Liberia
64%
1 Chimpanzee Sierra Leone
64%
1 Chimpanzee South Sudan
64%
1 Chimpanzee Mali
62%
No matching quizzes found
Score Distribution
Percent of People with Each Score
Percentile by Number Answered
Your Score History
You have not taken this quiz